000 01578nam a2200433Ia 4500
005 20220317001023.0
008 160825s2008 ck a g 000 0 spa
020 _a97895830036012
100 1 _aPombo, Rafael
_d1833-1912
245 1 0 _aCuentos de Pombo
_cRafael Pombo; ilustraciones de Patricia Acosta
250 _a1a. edición
_b10a. reimpresión
300 _a64 páginas
_bilustraciones en color
_c21 cm
490 _aCorcel
500 _aIncluye datos biográficos
505 _aEl renacuajo paseador -- Tía Pasitrote -- Juan Chunguero -- El gato bandido -- La pobre viejecita -- Simón el bobito -- Miringa morronga -- Pastorcita
650 1 4 _2LEMB
_aCuentos infantiles colombianos
_ySiglo XIX
650 1 4 _2LEMB
_aLiteratura infantil colombiana
_ySiglo XIX
650 1 4 _2LEMB
_aAnimales en la literatura
650 1 4 _aNiños en la literatura
_2LEMB
650 1 4 _aAncianos en la literatura
_2LEMB
650 1 4 _aPastores en la literatura
_2LEMB
650 1 4 _aAmistad en la literatura
_2LEMB
700 1 _aAcosta, Patricia
_99728
740 3 2 _aEl renacuajo paseador
740 0 2 _aTía Pasitrote
740 0 2 _aJuan Chunguero
740 3 2 _aEl gato bandido
740 3 2 _aLa pobre viejecita
740 0 2 _aSimón el bobito
740 0 2 _aMirringa mirronga
740 0 2 _aPastorcita
942 _2loc
_cBKINF
264 _aBogotá
_bPanamericana
_c2008
336 _atexto
_btxt
_2rdacontent
337 _asin mediación
_bn
_2rdamedia
338 _avolumen
_bnc
_2rdacarrier
040 _aCO-BoRNBP
_bspa
_erda
_cCO-BoRNBP
084 _aP POM1
999 _c5691
_d5691